| 000 | 01301nam a22003617a 4500 | ||
|---|---|---|---|
| 003 | CHAP | ||
| 005 | 20220329140120.0 | ||
| 008 | 971013s1994 r 00010 d | ||
| 010 | _a47194 | ||
| 011 | _a48166 | ||
| 035 | _a52311 | ||
| 040 | _cCHAP | ||
| 090 | _aTesis | ||
| 100 | 0 | 0 |
_aSánchez Reyes, Juan. _9107791 |
| 245 | _aCaracterización del durazno (Prunus persica (L.) Batsch) "Diamante" en desfasamiento de la producción, para la región de Martínez de la Torre, Veracruz | ||
| 260 |
_aChapingo, Méx. : _bEl autor, _c1994 |
||
| 300 | _a59 h. | ||
| 502 | _aTesis (Ing. Agr. Esp. en Fitotecnia) -- UACH. Departamento de Fitotecnia | ||
| 590 |
_aALEPH _b10 _c20130110 _lUCH01 _h1316 |
||
| 590 |
_aBATCH-UPD _b10 _c20130110 _lUCH01 _h0028 |
||
| 590 |
_aBATCH-UPD _b10 _c20130110 _lUCH01 _h1712 |
||
| 590 |
_aBATCH-UPD _b10 _c20130410 _lUCH01 _h1057 |
||
| 590 |
_aBATCH-UPD _b10 _c20130914 _lUCH01 _h1224 |
||
| 590 |
_aCONVERSION _b10 _c20130109 _lUCH01 _h1326 |
||
| 650 | 1 | 4 |
_aDurazno _xEfecto del clima. _934591 |
| 650 | 1 | 4 |
_aDurazno _xRendimiento. _934625 |
| 650 | 1 | 4 |
_aDurazno _xVariedades. _934631 |
| 650 | 1 | 4 |
_aDurazno _xVeracruz. _934634 |
| 901 | _aBK | ||
| 942 | _cFOLL | ||
| 949 |
_bBC _cTES _d-116542 _eTS1 _h28163 _i52311 _si |
||
| 949 |
_bBC _cTES _d33724000006334 _eTS2 _fc.2 _h28164 _i52311 _si |
||
| 999 |
_c47194 _d47194 |
||